|
|
|
|
| LEADER |
01034nam a22002531a 4500 |
| 001 |
c000168735 |
| 003 |
CARM |
| 005 |
19920828000000.0 |
| 008 |
891113s1958 nz 000 eng d |
| 019 |
1 |
|
|a 9379808
|5 LACONCORD2021
|
| 035 |
|
|
|a (OCoLC)221337646
|5 LACONCORD2021
|
| 040 |
|
|
|a NMQU
|b eng
|c NMQU
|
| 043 |
|
|
|a u-nz---
|
| 100 |
1 |
|
|a Burt, E. D.
|
| 245 |
1 |
4 |
|a The properties of some foundry sands found in the Auckland area /
|c by E.D. Burt and A.P. Neyland.
|
| 260 |
|
|
|a Dunedin :
|b J. McIndoe, for R. E. Owen, Govt. Printer, Wellington,
|c [1958].
|
| 300 |
|
|
|a 19p. :
|b illus. ;
|c 25cm.
|
| 490 |
0 |
|
|a New Zealand. Dept. of Scientific and Industrial Research. Information series ;
|v 20.
|
| 504 |
|
|
|a Bibliography: p.19.
|
| 650 |
|
0 |
|a Sand, Foundry
|z Auckland, N.Z.
|
| 700 |
1 |
|
|a Neyland, A. P.
|
| 852 |
8 |
|
|b CARM
|h A2:AN31E0
|i C06049
|p 0217303
|f BK
|
| 999 |
f |
f |
|i 3ed00667-06fe-5066-bbd1-180bf8a00e25
|s df2bcaa6-9613-5128-9516-0bdd3320fcb0
|
| 952 |
f |
f |
|p Can circulate
|a CAVAL
|b CAVAL
|c CAVAL
|d CARM 1 Store
|e C06049
|f A2:AN31E0
|h Other scheme
|i book
|m 0217303
|